El Colegio de Sociología (1937-1939) / (Record no. 45361)

MARC details
000 -LEADER
campo de control de longitud fija 00820nam a2200253 i 4500
001 - NÚMERO DE CONTROL
campo de control 45361
003 - IDENTIFICADOR DE NÚMERO DE CONTROL
campo de control ES-MaACL
005 - FECHA Y HORA DE LA ÚLTIMA TRANSACCIÓN
campo de control 20240426121501.0
007 - CAMPO FIJO DE DESCRIPCIÓN FÍSICA--INFORMACIÓN GENERAL
campo de control de longitud fija t|
008 - DATOS DE LONGITUD FIJA--INFORMACIÓN GENERAL
campo de control de longitud fija 030325s1982 sp ||||1| spa d
020 ## - NÚMERO INTERNACIONAL ESTÁNDAR DEL LIBRO
Número Internacional Estándar del Libro 84-306-1209-2
245 03 - MENCIÓN DEL TÍTULO
Título El Colegio de Sociología (1937-1939) /
Mención de responsabilidad, etc. textos de Georges Bataille ... [et al.] ; presentados por Denis Hollier ; versión de Mauro Armiño.
260 ## - PUBLICACIÓN, DISTRIBUCIÓN, ETC.
Lugar de publicación, distribución, etc. [Madrid] :
Nombre del editor, distribuidor, etc. Taurus,
Fecha de publicación, distribución, etc. [1982]
300 ## - DESCRIPCIÓN FÍSICA
Extensión 386 p. ;
Dimensiones 21 cm.
490 1# - MENCIÓN DE SERIE
Mención de serie Ensayistas ;
Designación de volumen o secuencia 209
610 24 - PUNTO DE ACCESO ADICIONAL DE MATERIA--NOMBRE DE ENTIDAD CORPORATIVA
Nombre de entidad corporativa o nombre de jurisdicción como elemento de entrada College de Sociologie.
9 (RLIN) 171874
650 00 - PUNTO DE ACCESO ADICIONAL DE MATERIA--TÉRMINO DE MATERIA
Término de materia o nombre geográfico como elemento de entrada Sociología-
Subdivisión cronológica S.XX.
9 (RLIN) 17202
700 1# - ENTRADA AGREGADA--NOMBRE PERSONAL
Nombre de persona Bataille, Georges.
9 (RLIN) 26391
700 1# - ENTRADA AGREGADA--NOMBRE PERSONAL
Nombre de persona Hollier, Denis.
9 (RLIN) 64035
700 0# - ENTRADA AGREGADA--NOMBRE PERSONAL
Nombre de persona Armiño, Mauro,
Fechas asociadas al nombre 1944-
9 (RLIN) 22987
830 1# - PUNTO DE ACCESO ADICIONAL DE SERIE-TÍTULO UNIFORME
Título uniforme Ensayistas ;
Designación de volumen o secuencia 209
9 (RLIN) 177257
852 ## - LOCALIZACIÓN
Ubicación ES-MaACL
Número de control de estantería L-4843
Holdings
Estatus retirado Estado de pérdida Estado de daño No para préstamo Biblioteca de origen Biblioteca actual Ubicación en estantería Fecha de adquisición Fuente de adquisición Total de préstamos Signatura topográfica completa Código de barras Visto por última vez Precio de reemplazo Tipo de ítem Koha
        Biblioteca del Ateneo de Madrid Biblioteca del Ateneo de Madrid Depósito 2 17/01/2008     L-4843 1047728 23/02/2023 23/02/2023 Libro impreso